<?xml version="1.0" encoding="UTF-8"?>
<record
    xmlns:xsi="http://www.w3.org/2001/XMLSchema-instance"
    xsi:schemaLocation="http://www.loc.gov/MARC21/slim http://www.loc.gov/standards/marcxml/schema/MARC21slim.xsd"
    xmlns="http://www.loc.gov/MARC21/slim">

  <leader>01662nam a2200361Ia 4500</leader>
  <controlfield tag="003">OSt</controlfield>
  <controlfield tag="005">20201210164458.0</controlfield>
  <controlfield tag="008">191128s1986    ck ad  gr     000 0 spa d</controlfield>
  <datafield tag="020" ind1=" " ind2=" ">
    <subfield code="a">9684518803</subfield>
  </datafield>
  <datafield tag="040" ind1=" " ind2=" ">
    <subfield code="a">CO-JMCR</subfield>
    <subfield code="c">CO-JMCR</subfield>
  </datafield>
  <datafield tag="041" ind1="0" ind2=" ">
    <subfield code="a">spa</subfield>
  </datafield>
  <datafield tag="082" ind1="0" ind2="4">
    <subfield code="a">658.404 / </subfield>
    <subfield code="b">L537i </subfield>
    <subfield code="2">23</subfield>
  </datafield>
  <datafield tag="100" ind1="1" ind2=" ">
    <subfield code="a">Leland T., Blank, </subfield>
    <subfield code="e">autor</subfield>
    <subfield code="9">12522</subfield>
  </datafield>
  <datafield tag="245" ind1="1" ind2="0">
    <subfield code="a">Ingenier&#xED;a econ&#xF3;mica /</subfield>
    <subfield code="c">Leland T. Blank, Anthony J. Tarquin ; traducci&#xF3;n, Rafael Rodr&#xED;guez, Demetrio Mart&#xED;nez ; Revisi&#xF3;n t&#xE9;cnica David Ledersnaider, Gabriel Baca Urbina, David Paiewonsky</subfield>
  </datafield>
  <datafield tag="250" ind1=" " ind2=" ">
    <subfield code="a">Segunda edici&#xF3;n</subfield>
  </datafield>
  <datafield tag="260" ind1=" " ind2=" ">
    <subfield code="a">Bogot&#xE1; : </subfield>
    <subfield code="b">McGraw-Hill, </subfield>
    <subfield code="c">1986</subfield>
  </datafield>
  <datafield tag="300" ind1=" " ind2=" ">
    <subfield code="a">558 p&#xE1;ginas : </subfield>
    <subfield code="b">diagramas y gr&#xE1;ficos a blanco y negro ; </subfield>
    <subfield code="c">23 cm.</subfield>
  </datafield>
  <datafield tag="500" ind1=" " ind2=" ">
    <subfield code="a">Incluye &#xED;ndice.</subfield>
  </datafield>
  <datafield tag="504" ind1=" " ind2=" ">
    <subfield code="a">Bibliograf&#xED;a: p&#xE1;gina 550.</subfield>
  </datafield>
  <datafield tag="505" ind1="0" ind2=" ">
    <subfield code="a">Conceptos y diagramas de flujo de caja -- Factores y su empleo -- Tasas de inter&#xE9;s nominal y efectivo, y capitalizaci&#xF3;n continua -- Utilizaci&#xF3;n de factores m&#xFA;ltiples -- Valor presente y evaluaci&#xF3;n del costo capitalizado -- Evaluaci&#xF3;n del costo anual unifo</subfield>
  </datafield>
  <datafield tag="534" ind1=" " ind2=" ">
    <subfield code="p">Engineering Economy</subfield>
  </datafield>
  <datafield tag="546" ind1=" " ind2=" ">
    <subfield code="a">Traducido del ingl&#xE9;s</subfield>
  </datafield>
  <datafield tag="650" ind1="2" ind2="4">
    <subfield code="a">Econom&#xED;a industrial</subfield>
    <subfield code="9">12523</subfield>
  </datafield>
  <datafield tag="650" ind1="2" ind2="4">
    <subfield code="a">Econom&#xED;a de la ingenier&#xED;a</subfield>
    <subfield code="x">toma de decisiones</subfield>
    <subfield code="9">12524</subfield>
  </datafield>
  <datafield tag="650" ind1="2" ind2="4">
    <subfield code="a">Econom&#xED;a de la ingenier&#xED;a </subfield>
    <subfield code="x">Modelos matem&#xE1;ticos</subfield>
    <subfield code="9">12525</subfield>
  </datafield>
  <datafield tag="700" ind1="1" ind2=" ">
    <subfield code="a">Tarquin, Anthony J., </subfield>
    <subfield code="e">autor</subfield>
    <subfield code="9">12526</subfield>
  </datafield>
  <datafield tag="700" ind1="1" ind2=" ">
    <subfield code="a">Rodriguez, Rafael,  </subfield>
    <subfield code="e">traductor</subfield>
    <subfield code="9">12527</subfield>
  </datafield>
  <datafield tag="700" ind1="1" ind2=" ">
    <subfield code="a"> Mart&#xED;nez, Demetrio, </subfield>
    <subfield code="e">traductor</subfield>
    <subfield code="9">12528</subfield>
  </datafield>
  <datafield tag="700" ind1="1" ind2=" ">
    <subfield code="a">Ledersnaider, David, </subfield>
    <subfield code="e">revisor </subfield>
    <subfield code="9">12529</subfield>
  </datafield>
  <datafield tag="700" ind1="1" ind2=" ">
    <subfield code="a">Baca Urbina, Gabriel, </subfield>
    <subfield code="e">revisor </subfield>
    <subfield code="9">12530</subfield>
  </datafield>
  <datafield tag="700" ind1="1" ind2=" ">
    <subfield code="a">Paiewonsky, David, </subfield>
    <subfield code="e">revisor</subfield>
    <subfield code="9">12531</subfield>
  </datafield>
  <datafield tag="942" ind1=" " ind2=" ">
    <subfield code="2">ddc</subfield>
    <subfield code="c">BK</subfield>
  </datafield>
  <datafield tag="999" ind1=" " ind2=" ">
    <subfield code="c">5688</subfield>
    <subfield code="d">5688</subfield>
  </datafield>
  <datafield tag="952" ind1=" " ind2=" ">
    <subfield code="0">0</subfield>
    <subfield code="1">0</subfield>
    <subfield code="2">ddc</subfield>
    <subfield code="3">Donaci&#xF3;n--15/04/2018--</subfield>
    <subfield code="4">0</subfield>
    <subfield code="7">0</subfield>
    <subfield code="a">CPL</subfield>
    <subfield code="b">CPL</subfield>
    <subfield code="c">GEN</subfield>
    <subfield code="d">2019-11-28</subfield>
    <subfield code="e">Donaci&#xF3;n</subfield>
    <subfield code="l">1</subfield>
    <subfield code="o">658.404 / L537i </subfield>
    <subfield code="p">430003865</subfield>
    <subfield code="r">2026-02-11 16:31:17</subfield>
    <subfield code="s">2026-02-11</subfield>
    <subfield code="t">Ej.1</subfield>
    <subfield code="w">2019-11-28</subfield>
    <subfield code="y">BK</subfield>
  </datafield>
</record>
